Testimonios de esperanza : (Registro nro. 17488)

Detalles MARC
000 -CABECERA
Campo de control 01078nam a22002655a 4500
005 - FECHA Y HORA DE LA ULTIMA TRANSACCION
Campo de control 20150626101425.0
008 - ELEMENTOS DE LONGITUD FIJA—INFORMACION GENERAL
Campo de control 111015s2007 ck ao gr 000 0dspa d
040 ## - FUENTE DE CATALOGACIÓN
Agencia catalogadora original CO-BoBLA
Agencia transcriptora CO-BoBLA
Agencia Modificadora CO-BoIAVH
041 0# - IDIOMA
Código de idioma para texto/pista de sonido o título separado Español
044 ## - PAÍS DE PUBLICACIÓN
País de publicación Colombia
082 04 - NUMERO DE CLASIFICACION DECIMAL DEWEY
Número de clasificación 333.7932
Número del ítem I74t
110 2# - ASIENTO PRINCIPAL--NOMBRE CORPORATIVO
Nombre corporativo o de jurisdicción como elemento de entrada ISAGEN
245 10 - MENCION DE TITULO
Título Testimonios de esperanza :
Parte restante del título programa de inversión social /
Mención de responsabilidad Isagen ; Verónica Echeverry Alvarán.
260 ## - PUBLICACION, DISTRIBUCION, ETC. (PIE DE IMPRENTA)
Lugar de publicación, distribución, etc. Medellín :
Nombre del editor, distribuidor, etc. Manos Amigas. Formando Comunidad :
-- Isagen,
Fecha de publicación, distribución, etc. 2007.
300 ## - DESCRIPCION FISICA
Extensión 143 p. :
Otros detalles físicos il., fot., col. ;
Dimensiones 29 cm.
505 ## - NOTA DE CONTENIDO
Nota de contenido Contexto del PIS.<br/>Oriente Antioqueño.<br/>Magdalena Caldense- Oriente de Caldas.<br/>Magdalena Medio.
610 24 - ASIENTO SECUNDARIO DE MATERIA - NOMBRE CORPORATIVO
Nombre corporativo o nombre de la jurisdicción como elemento de entrad Isagen
Subdivisión general Inversiones
650 ## - ASIENTO SECUNDARIO DE MATERIA - TERMINO TEMATICO
Término temático o nombre geográfico como elemento de entrada Responsabilidad social de los negocios
Subdivisión geográfica Colombia
650 #4 - ASIENTO SECUNDARIO DE MATERIA - TERMINO TEMATICO
Término temático o nombre geográfico como elemento de entrada Empresas eléctricas
Subdivisión general Aspectos sociales
Subdivisión geográfica Colombia
650 #4 - ASIENTO SECUNDARIO DE MATERIA - TERMINO TEMATICO
Término temático o nombre geográfico como elemento de entrada Población Rural
Subdivisión general Nivel de Vida
Subdivisión cronológica Colombia
650 #4 - ASIENTO SECUNDARIO DE MATERIA - TERMINO TEMATICO
Término temático o nombre geográfico como elemento de entrada Población Rural
Subdivisión general Relatos
Subdivisión cronológica Colombia
700 1# - ASIENTO SECUNDARIO - NOMBRE PERSONAL
Nombre personal Echeverry Alvarán, Verónica.
942 ## - ELEMENTOS ADICIONALES (KOHA)
Sistema de clasificación Dewey Decimal Classification
Tipo de ítem Libro
949 ## - LOCAL PROCESSING INFORMATION (OCLC)
a n
b n
Existencias
Withdrawn status Lost status Sistema de Clasificación Damaged status No para préstamo Colección Inventariado Ubicación Permanente Ubicación actual Fecha de adquisición Fuente de Valor Valor Total Checkouts Número topográfico Inventario / Código de Barras Date last seen Ejemplar Price effective from Forma de adquisición Tipo de material
    Dewey Decimal Classification     General Inventariado 2017 Bogotá Bogotá 26/06/2015 Instituto 39000.00   LB-333.7932 I74t 038928 26/06/2015 Ej. 1 26/06/2015   Libro